000 00718nam a2200289Ia 4500
005 20260324151014.0
008 008 260324s9999 xx 000 0 eng d
020 _a9781315122687
037 _aEBOOK
040 _aCRL
040 _beng
040 _cCRL
041 _2eng
041 _aeng
084 _qCRL
100 _aEdgar James Swift
_91228395
245 0 _aRevival: Psychology and the Day's Work (1918)
245 2 _bA Study in Application of Psychology to Daily Life
260 _bTaylor and Francis
260 _c1918
365 _a
365 _b350
856 _uhttp://www.taylorfrancis.com/books/9781315122687
942 _cEBOOK
999 _c1838787
_d1838787